Central Library OPAC University of Rajshahi

Modern political systems : (Record no. 25691)

MARC details
000 -LEADER
fixed length control field 00822nam a22002651 4500
001 - CONTROL NUMBER
control field 25691
003 - CONTROL NUMBER IDENTIFIER
rucl marc code BD-RjUL
005 - DATE AND TIME OF LATEST TRANSACTION
control field 20211209050920.0
008 - FIXED-LENGTH DATA ELEMENTS--GENERAL INFORMATION
fixed length control field 140319s1963 xxu 001 0 eng
035 ## - SYSTEM CONTROL NUMBER
System control number (BD-RjUL)25761
System control number (OCoLC)326613
040 ## - CATALOGING SOURCE
Original cataloging agency DLC
Transcribing agency GACCLC
Modifying agency ODaWU
-- NcRS
-- DLC
-- BD-RjUL
Language of cataloging eng
041 ## - LANGUAGE CODE
Language code of text/sound track or separate title eng
082 ## - DEWEY DECIMAL CLASSIFICATION NUMBER
Classification number 342
Author mark and year MOD 1963
245 10 - TITLE STATEMENT
Title Modern political systems :
Remainder of title Asia /
Statement of responsibility, etc. edited by Robert Edward Ward and Roy C Macridis
260 ## - PUBLICATION, DISTRIBUTION, ETC. (IMPRINT)
Place of publication, distribution, etc. Englewood Cliffs, N.J. :
Name of publisher, distributor, etc. Prentice-Hall,
Date of publication, distribution, etc. c1963.
300 ## - PHYSICAL DESCRIPTION
Pagination xiv, 482 p. :
Illustrations ill. ;
Size 26 cm.
504 ## - BIBLIOGRAPHY, ETC. NOTE
Bibliography, etc Includes bibliography and index.
650 #0 - SUBJECT ADDED ENTRY--TOPICAL TERM
Topical term or geographic name as entry element Comparative government.
9 (RLIN) 4478
700 1# - ADDED ENTRY--PERSONAL NAME
Personal name Ward, Robert Edward,
Personal name Macridis, Roy C.
Relator term joint ed.
942 ## - ADDED ENTRY ELEMENTS (KOHA)
Source of classification or shelving scheme Dewey Decimal Classification
Koha item type Books
Holdings
Lost status Source of classification or shelving scheme Damaged status Not for loan Collection code Permanent Location Current Location Shelving location Date acquired Source of acquisition Cost, normal purchase price Total Checkouts Full call number Date last seen Copy number Koha item type
  Dewey Decimal Classification   Added to bundle Non-fiction Central Library, University of Rajshahi Central Library, University of Rajshahi Reading Room 18/01/1975 M. Obidul Huq 0.00   342 MOD 1963 19/03/2014 C-1 Books